| 000 | 00679nam a2200205Ii 4500 | ||
|---|---|---|---|
| 003 | JO-AjNU | ||
| 008 | 230605s9999||||xx |||||||||||||| ||und|| | ||
| 040 |
_aJO-AjNU _bara _erda _cJO-AjNU |
||
| 041 | _aara | ||
| 050 | 1 | 4 | _aJQ1825.1990 |
| 100 | 3 |
_a البرغوثي ، إياد , _eauthor _99224 |
|
| 245 | 0 | 0 | _aالأسلمة والسياسة في الأراضي الفلسطينية المحتلة |
| 250 | _a(د،ط) | ||
| 264 | 3 | 1 | _aالقدس : مركز الزهراء ، 1990 |
| 300 | _a197ص | ||
| 336 |
_atext _btxt _2rdacontent |
||
| 337 |
_aunmediated _bn _2rdamedia |
||
| 338 |
_avolume _bnc _2rdacarrier |
||
| 650 | 4 |
_aاحزاب سياسية -- فلسطين _99225 |
|
| 999 |
_aA1189 _c4757 _d4757 |
||